000 00551nam a22002057a 4500
003 OSt
005 20140310182437.0
008 130220t xxu||||| |||| 00| 0 eng d
020 _a9789715848985
050 _aPL6054
_b.B321 2009
082 _aPL6054
_b.B321 2009
245 _aTeksbuk sa pagsasalin
_cAurora E. Batnag, Jayson D. Petras.
260 _aQuezon City
_bC & E Publishing
_c2009.
300 _a306 p.
_c26 cm.
521 _acollege students
526 _c1210L-1700L
541 _j1
562 _e1
942 _2lcc
_cBK
_kSL-GEd
999 _c13459
_d13459